00217nam a2200085Ia 4500008004100000082001800041245003200059260002800091300001200119230907s9999||||xx |||||||||||||| ||und|| a621.3822bPRO 0aDigital signal processing : aPearson,bNoida :c2019 a1136 p.